[Event "Mistrzostwa Polski Mlodzikow do 10 lat  - chlopcy"]
[Site "Chrusty k. Zagnanska"]
[Date "1899-12-30"]
[Round "6.5"]
[White "Baszczynski, Gabriel"]
[Black "Wielgus, Wojciech"]
[Result "1-0"]
[WhiteTitle "II"]
[BlackTitle "I"]
[WhiteElo "1299"]
[BlackElo "1517"]

1. Nf3 Nf6 2. g3 d5 3. Bg2 c6 4. O-O Bf5 5. d3 e6 6. Nbd2 h6 7. c4 Be7 8. Re1 O-O
9. b3 a5 10. a3 Na6 11. Nf1 Nc5 12. Ne3 Bh7 13. Bb2 a4 14. b4 Nb3 15. Ra2 Nd7
16. Nd2 Nxd2 17. Qxd2 Bf6 18. Nf1 dxc4 19. dxc4 Ne5 20. Bxe5 Bxe5 21. Rd1 Qc7
22. Qd7 Rfd8 23. Qxc7 Bxc7 24. Rad2 Rxd2 25. Rxd2 Rd8 26. f4 Rxd2 27. Nxd2 e5
28. e3 exf4 29. exf4 Kf8 30. c5 Ke7 31. Nc4 Bc2 32. Kf2 Ke6 33. Ke1 Bb3 34. Ne3
g6 35. Ng4 h5 36. Nf2 Ba2 37. Nd1 Bb3 38. Kd2 Bd8 39. Kc1 Bf6 40. Bh3+ Kd5 1-0

[Event "Mistrzostwa Polski Mlodzikow do 10 lat  - chlopcy"]
[Site "Chrusty k. Zagnanska"]
[Date "1899-12-30"]
[Round "6.6"]
[White "Warchol, Kamil"]
[Black "Zieba, Hubert"]
[Result "1-0"]
[WhiteTitle "CM"]
[BlackTitle "II"]
[WhiteElo "1431"]
[BlackElo "1331"]

1. e4 c5 2. Nf3 Nc6 3. Bb5 g6 4. Bxc6 dxc6 5. d3 Bg7 6. h3 Nf6 7. Nc3 O-O 8. Be3
b6 9. Qd2 a5 10. Bh6 b5 11. Bxg7 Kxg7 12. O-O-O a4 13. g4 a3 14. b3 e5 15. Nxe5
Nd7 16. Nxd7 Bxd7 17. f4 Bc8 18. Qe3 Re8 19. Qxc5 Qf6 20. Ne2 Qb2+ 21. Kd2 Qxa2
22. Nc3 Qb2 23. Rb1 Qxb1 24. Rxb1 Bd7 25. Qd4+ 1-0

[Event "Mistrzostwa Polski Mlodzikow do 10 lat  - chlopcy"]
[Site "Chrusty k. Zagnanska"]
[Date "1899-12-30"]
[Round "6.7"]
[White "Grot, Blazej"]
[Black "Jaworski, Tymon"]
[Result "1-0"]
[WhiteTitle "CM"]
[BlackTitle "II"]
[WhiteElo "1418"]
[BlackElo "1403"]

1. e4 e5 2. Nf3 Nc6 3. Bb5 a6 4. Ba4 Nf6 5. O-O d6 6. Re1 Bg4 7. c3 b5 8. Bc2 g6
9. a4 Bg7 10. d3 O-O 11. Nbd2 Qd7 12. Nf1 b4 13. Ne3 Rfe8 14. Nxg4 Nxg4 15. d4
bxc3 16. bxc3 exd4 17. cxd4 Nb4 18. Bb3 c5 19. h3 Nf6 20. Ng5 Re7 21. Nxf7 Rxf7
22. e5 dxe5 23. dxe5 Qxd1 24. Rxd1 Ne8 25. Rd7 Bxe5 26. Rxf7 c4 27. Bxc4 Rb8 28.
Bh6 Ng7 29. Bxg7 Bxg7 30. Rb7+ Kf8 31. Rxb8+ Ke7 32. Rxb4 Bxa1 33. Bxa6 Bc3 34.
Rb7+ Kf6 35. Rxh7 Ke5 36. Rf7 Ke6 37. Bc4+ Kd6 38. Rf3 Kc5 39. Rxc3 Kb4 40. Bf7
Kxc3 41. a5 Kd4 42. a6 Ke5 43. Bxg6 Kd6 44. a7 Ke7 45. a8=Q Kf6 46. Qd5 Kg7 47.
Qf7+ Kh6 48. g3 Kg5 49. f4+ Kh6 50. Qh7# 1-0

[Event "Mistrzostwa Polski Mlodzikow do 10 lat  - chlopcy"]
[Site "Chrusty k. Zagnanska"]
[Date "1899-12-30"]
[Round "6.8"]
[White "Sniadecki, Oskar"]
[Black "Grzebieniowski, Michal"]
[Result "0-1"]
[WhiteTitle "II"]
[BlackTitle "II"]
[WhiteElo "1277"]
[BlackElo "1194"]

1. e4 c6 2. d4 d5 3. e5 Bf5 4. g4 Bd7 5. c4 e6 6. Nc3 Ne7 7. Nh3 Ng6 8. Bd3 Bb4
9. Bg5 Be7 10. Bxe7 Qxe7 11. Qb3 Bc8 12. Bxg6 hxg6 13. Nf4 Qg5 14. Nce2 Qxg4 15.
Qg3 Qxg3 16. fxg3 dxc4 17. Nc3 Nd7 18. Ne4 Ke7 19. Nd6 b5 20. a4 Ba6 21. axb5
Bxb5 22. Ne2 f6 23. Nf4 Rh6 24. Rxa7 Rxa7 25. Nc8+ Kf7 26. Nxa7 fxe5 27. dxe5
Nxe5 28. O-O Ke7 29. Kg2 g5 30. Ne2 Rf6 31. Ra1 Nd3 32. Nd4 Rf2+ 33. Kg1 Rxb2
34. Naxc6+ Bxc6 35. Nxc6+ Kd6 36. Na5 Kc5 37. Nb7+ Rxb7 0-1

[Event "Mistrzostwa Polski Mlodzikow do 10 lat  - chlopcy"]
[Site "Chrusty k. Zagnanska"]
[Date "1899-12-30"]
[Round "6.9"]
[White "Klim, Filip"]
[Black "Musin, Pawel"]
[Result "1-0"]
[WhiteTitle "II+"]
[BlackTitle "II"]
[WhiteElo "1232"]
[BlackElo "1151"]

1. e4 e5 2. Nf3 Nc6 3. Bc4 Bc5 4. d3 h6 5. Be3 Bb6 6. c3 Nf6 7. h3 d5 8. exd5 Nxd5
9. Bxb6 Nxb6 10. Bb5 O-O 11. O-O Re8 12. Re1 Qd6 13. Nbd2 Bf5 14. Bxc6 bxc6 15.
d4 e4 16. Nh4 Bh7 17. Qg4 Qe6 18. Qg3 Qd6 19. Qg4 Qe6 20. Qxe6 Rxe6 21. g4 Rb8
22. b3 Rbe8 23. Ng2 Nd5 24. Rac1 e3 25. fxe3 Nxe3 26. Nxe3 Rxe3 27. Kf2 R3e7 28.
Rxe7 Rxe7 29. Nf3 f6 30. Rd1 Rd7 31. h4 g5 32. hxg5 hxg5 33. c4 Be4 34. b4 Kf7
35. Nd2 Bc2 36. Rc1 Bd3 37. Rc3 Bg6 38. Nb3 Bb1 39. a4 Ba2 40. Ke3 Re7+ 41. Kf2
Rd7 42. Ke3 Re7+ 43. Kf3 Rd7 44. d5 Bxb3 45. dxc6 Bd1+ 46. Kg3 Rd6 47. b5 Be2
48. c5 Rd8 49. Re3 Bd1 50. a5 Rb8 51. b6 axb6 52. cxb6 Ba4 53. Rc3 Rc8 54. b7
Rb8 55. a6 Ke8 1-0

[Event "Mistrzostwa Polski Mlodzikow do 10 lat  - chlopcy"]
[Site "Chrusty k. Zagnanska"]
[Date "1899-12-30"]
[Round "6.10"]
[White "Krawczyk, Flawian"]
[Black "Sowinski, Pawel"]
[Result "0-1"]
[WhiteTitle "II"]
[BlackTitle "II"]
[WhiteElo "1580"]
[BlackElo "1142"]

1. e4 c5 2. Nf3 d6 3. d4 cxd4 4. Nxd4 Nf6 5. Nc3 a6 6. Bd3 Nc6 7. Nxc6 bxc6 8.
O-O g6 9. Be3 Bg7 10. h3 O-O 11. f4 d5 12. e5 d4 13. exf6 Bxf6 14. Bxd4 Bxd4+
15. Kh1 Bxc3 16. bxc3 Qc7 17. Qf3 Bb7 18. Rab1 Rab8 19. Rbe1 e6 20. Qg4 Kh8 21.
Qg5 Kg7 22. Qe5+ Qxe5 23. fxe5 Rfd8 24. Rb1 c5 25. Rb6 Bxg2+ 26. Kxg2 Rxb6 27.
Kf3 Rb2 28. Ra1 a5 29. c4 Rd4 30. a4 Rd8 31. h4 h5 32. Kf4 Rd4+ 33. Kg3 Rb4 34.
Ra3 Rdxc4 35. Bxc4 Rxc4 36. Rb3 Rxa4 37. Rb5 Rc4 38. Rxa5 Rxc2 39. Ra8 c4 40.
Rc8 c3 41. Kf3 Rc1 42. Ke2 c2 43. Kd2 Rh1 44. Kxc2 Rxh4 45. Kd3 Rf4 46. Ke3 Rf5
47. Ke4 g5 48. Rc1 g4 49. Rh1 g3 50. Rh3 Rg5 51. Kf4 g2 52. Kxg5 g1=Q+ 53. Kxh5
Qg6+ 54. Kh4 Qe4+ 55. Kh5 Qxe5+ 56. Kh4 Kh6 57. Kg4+ Kg6 0-1

[Event "Mistrzostwa Polski Mlodzikow do 10 lat  - chlopcy"]
[Site "Chrusty k. Zagnanska"]
[Date "1899-12-30"]
[Round "6.11"]
[White "Krol, Jan"]
[Black "Murawski, Milosz"]
[Result "0-1"]
[WhiteTitle "II"]
[BlackTitle "II"]
[WhiteElo "1310"]
[BlackElo "1068"]

1. e4 c5 2. Nf3 d6 3. d4 cxd4 4. Nxd4 Nf6 5. Nc3 a6 6. Bg5 e6 7. f4 Be7 8. Qf3
Nbd7 9. O-O-O Qc7 10. g4 b5 11. e5 Bb7 12. Qe2 Bxh1 13. exf6 Nxf6 14. Bg2 Bxg2
15. Qxg2 O-O 16. h4 Rac8 17. a3 h6 18. Bxf6 Bxf6 19. g5 Bxd4 20. Rxd4 h5 21. g6
Qc5 22. Rd3 Qf5 23. gxf7+ Rxf7 24. Rf3 Qg4 25. Qf2 e5 26. f5 Qd4 27. Qxd4 exd4
28. Ne2 Kf8 29. Nxd4 Re8 30. c3 Re4 31. Rh3 Ke7 32. Kd2 d5 33. Kd3 Kd6 34. b4
Ke5 35. Rh1 Rf8 36. Rg1 Rf7 37. Rf1 Kf6 38. Rh1 Rfe7 39. Rh3 Rg4 40. Nc2 Ree4
41. Ne3 Rxh4 42. Rg3 Rxe3+ 43. Kxe3 Kxf5 44. Rxg7 Rh3+ 45. Kd4 h4 46. Rg1 Rg3
47. Rf1+ Kg4 48. Kxd5 h3 49. Kc5 h2 50. Rh1 Kh3 51. Kb6 Rg1 52. Rxh2+ Kxh2 53.
Kxa6 Rg5 54. Ka5 Kg3 55. a4 bxa4+ 56. Kxa4 Kf4 57. c4 Ke5 58. Kb5 Kd6+ 59. Kb6
Kd7 60. c5 Kc8 61. Ka7 Kc7 62. Ka6 Rg1 63. Kb5 Kb7 64. Kc4 Rg4+ 65. Kb5 Kc7 66.
Ka5 Kc6 67. Ka4 Rg3 0-1

[Event "Mistrzostwa Polski Mlodzikow do 10 lat  - chlopcy"]
[Site "Chrusty k. Zagnanska"]
[Date "1899-12-30"]
[Round "6.12"]
[White "Karp, Kacper"]
[Black "Komendecki, Antoni"]
[Result "1-0"]
[WhiteTitle "II+"]
[BlackTitle "II"]
[WhiteElo "1287"]
[BlackElo "1123"]

1. e4 e6 2. d4 d5 3. Nc3 Nf6 4. e5 Nfd7 5. f4 c5 6. Nf3 Nc6 7. Be3 Be7 8. dxc5
Nxc5 9. Nd4 Bd7 10. Qd2 a6 11. O-O-O O-O 12. g4 b5 13. Bg2 Qa5 14. Kb1 Na7 15.
Nxd5 Qxd2 16. Nxe7+ Kh8 17. Rxd2 Rae8 18. Nec6 Nxc6 19. Nxc6 Bxc6 20. Bxc6 Rc8
21. Bxc5 Rfd8 22. Rhd1 Rxd2 23. Rxd2 h6 24. Be4 g6 25. Be3 Kg7 26. c3 Rc4 27.
Rd4 Rc7 28. Bd3 f6 29. Rd6 Re7 30. Bd4 f5 31. gxf5 gxf5 32. Rxa6 Kh7 33. Ra7 Rxa7
34. Bxa7 Kg7 35. Bxb5 Kf7 36. Bb6 Ke7 37. a4 h5 38. a5 h4 39. a6 h3 40. a7 Kf7
41. Be8+ Ke7 42. Bc5+ Kd8 43. a8=Q+ Kc7 44. Qa5+ Kc8 45. Qa8+ Kc7 46. Qc6+ Kb8
47. Bd6+ Ka7 48. Qb5 Ka8 49. Bc6+ Ka7 50. Bc5# 1-0

[Event "Mistrzostwa Polski Mlodzikow do 10 lat  - chlopcy"]
[Site "Chrusty k. Zagnanska"]
[Date "1899-12-30"]
[Round "6.13"]
[White "Mulawa, Cyprian"]
[Black "Bochniak, Franciszek"]
[Result "1-0"]
[WhiteTitle "II"]
[BlackTitle "III"]
[WhiteElo "1191"]
[BlackElo "1059"]

1. e4 e5 2. Nf3 Nc6 3. Bb5 Nf6 4. Qe2 d6 5. h3 Bd7 6. c3 Ne7 7. O-O c6 8. Ba4 Qa5
9. Bb3 Ng6 10. d4 h6 11. Rd1 Be7 12. Nbd2 O-O 13. Re1 Qc7 14. Nc4 b5 15. Ncd2
c5 16. Nf1 c4 17. Bc2 a6 18. Ng3 Rfe8 19. Nf5 Bf8 20. Qd1 Rad8 21. d5 Bxf5 22.
exf5 Ne7 23. Be4 Qb7 24. a4 Nxe4 25. Rxe4 Qxd5 26. Qxd5 Nxd5 27. Be3 Nf6 28. Rh4
g5 29. fxg6 fxg6 30. Bxh6 Bxh6 31. Rxh6 Kg7 32. Rh4 e4 33. Ng5 Re5 34. f4 exf3
35. Nxf3 g5 36. Nxe5 dxe5 37. Rg4 Nxg4 38. hxg4 Rb8 39. axb5 axb5 40. Kf2 b4 41.
Ra4 bxc3 42. bxc3 Rc8 43. Ke3 Rc6 44. Ke4 Kf6 45. Ra5 Re6 46. Rc5 Rd6 47. Rxc4
Rd2 48. Kf3 Rd3+ 49. Ke4 Rg3 50. Rc6+ Kf7 51. Kxe5 Rxg4 52. Kf5 Rxg2 53. Rc7+
Kf8 54. Kf6 Re2 55. Kxg5 Rc2 56. c4 Ke8 57. Kf5 Kd8 58. Rc5 Kd7 59. Ke4 Kd6 60.
Rd5+ Kc6 61. Kd3 Rc1 62. Rg5 Rd1+ 63. Kc2 Rd4 64. Kb3 Rh4 65. Kb4 Kb6 66. Rg6+
Kc7 67. Kb5 Rh5+ 68. c5 Rh7 69. Ra6 Kb8 70. c6 Rc7 71. Kb6 Rc8 72. Ra3 Rc7 73.
Ra8+ Kxa8 74. Kxc7 Ka7 75. Kd7 Ka6 76. c7 Ka5 77. c8=Q Kb4 78. Kd6 Kb3 79. Kd5
Kb2 80. Kd4 Kb1 81. Qc3 Ka2 82. Qb4 Ka1 83. Kc3 Ka2 84. Qb2# 1-0

[Event "Mistrzostwa Polski Mlodzikow do 10 lat  - chlopcy"]
[Site "Chrusty k. Zagnanska"]
[Date "1899-12-30"]
[Round "6.15"]
[White "Krasniewski, Maciej"]
[Black "Stanik, Szymon"]
[Result "1/2-1/2"]
[WhiteTitle "II"]
[BlackTitle "II"]
[WhiteElo "1232"]
[BlackElo "1137"]

1. e4 c5 2. Nf3 e6 3. d4 cxd4 4. Nxd4 a6 5. Nc3 b5 6. Be3 Qc7 7. Bd3 Nf6 8. O-O
Be7 9. h3 Bb7 10. f3 Bc5 11. Qd2 Qb6 12. Qf2 d6 13. Rae1 Nbd7 14. Nb3 Bxe3 15.
Qxe3 Qc7 16. Rd1 O-O 17. Kh1 d5 18. Rfe1 dxe4 19. Bxe4 Bxe4 20. Nxe4 Qxc2 21.
Rd2 Qc7 22. Rc1 Qa7 23. Qxa7 Rxa7 24. Nd6 Nd5 25. Nd4 Ne5 26. Kg1 Rd7 27. Ne4
Nc4 28. Nc5 Rc7 29. Nxa6 Ra7 30. Nxb5 Rxa6 31. Rxc4 Rxa2 32. Nc3 Ra1+ 33. Rd1
Rfa8 34. Kh2 Rxd1 35. Nxd1 h6 36. Nc3 Nxc3 37. bxc3 1/2-1/2

[Event "Mistrzostwa Polski Mlodzikow do 10 lat  - chlopcy"]
[Site "Chrusty k. Zagnanska"]
[Date "1899-12-30"]
[Round "6.16"]
[White "Jasiulewicz, Dawid"]
[Black "Pelka, Maciej"]
[Result "0-1"]
[WhiteTitle "II"]
[BlackTitle "II"]
[WhiteElo "1141"]
[BlackElo "1227"]

1. d4 d5 2. Nf3 Nf6 3. c4 e6 4. Bg5 Be7 5. Nc3 h6 6. Bh4 O-O 7. e3 b6 8. Bd3 Bb7
9. O-O Nbd7 10. a3 c5 11. cxd5 Nxd5 12. Bxe7 Qxe7 13. Rc1 Rfd8 14. Ne2 cxd4 15.
Nfxd4 Ne5 16. Bb5 Rac8 17. Qa4 Qd6 18. Ng3 Nc7 19. Nc6 Rf8 20. Rfd1 Nd5 21. Nxe5
Qxe5 22. Rxc8 Rxc8 23. Qxa7 Ba8 24. e4 Nc7 25. Bd7 Rd8 26. Qxb6 h5 27. h4 Kf8
28. a4 Ke7 29. Qb4+ Kf6 30. a5 Bc6 0-1

[Event "Mistrzostwa Polski Mlodzikow do 10 lat  - chlopcy"]
[Site "Chrusty k. Zagnanska"]
[Date "1899-12-30"]
[Round "6.17"]
[White "Rozek, Michal"]
[Black "Chomicki, Kornel"]
[Result "1-0"]
[WhiteTitle "II"]
[BlackTitle "III"]
[WhiteElo "1196"]
[BlackElo "1093"]

1. c4 e5 2. Nc3 Nc6 3. g3 d6 4. Bg2 Be6 5. d3 Qd7 6. Nf3 Bh3 7. O-O Be7 8. Re1
h5 9. Nd5 Bd8 10. e4 Bxg2 11. Kxg2 h4 12. b4 hxg3 13. fxg3 Qh3+ 14. Kf2 g5 15.
Rh1 f6 16. b5 Nce7 17. Nxe7 Bxe7 18. Qa4 Qd7 19. Be3 b6 20. Qa6 Qc8 21. Qxc8+
Rxc8 22. d4 Rd8 23. dxe5 dxe5 24. Rad1 Rd6 25. Rxd6 Bxd6 26. Kg2 Ne7 27. a4 Ng6
28. Ra1 Kd7 29. a5 Bc5 30. Bxc5 bxc5 31. Rd1+ Kc8 32. Rd5 Ne7 33. Rd3 Rd8 34.
Rxd8+ Kxd8 35. Nd2 c6 36. b6 axb6 37. axb6 f5 38. exf5 Nxf5 39. Kf3 Nd6 40. h4
gxh4 41. gxh4 Nf5 42. h5 Nh6 43. Ke4 Nf7 44. Nf3 Nd6+ 45. Kxe5 Nxc4+ 46. Ke6 Nxb6
47. Kf7 c4 48. h6 c3 49. h7 c2 50. h8=Q+ Kc7 51. Qh2+ Kb7 52. Qxc2 Nd5 53. Ne5
Nb4 54. Qb3 c5 55. Nd3 Kc6 56. Nxb4+ cxb4 57. Qxb4 Kd7 58. Qb6 Kc8 59. Qa7 Kd8
60. Ke6 Kc8 61. Kd6 Kd8 62. Qd7# 1-0

[Event "Mistrzostwa Polski Mlodzikow do 10 lat  - chlopcy"]
[Site "Chrusty k. Zagnanska"]
[Date "1899-12-30"]
[Round "6.18"]
[White "Spionkowski, Fabian"]
[Black "Skrzypinski, Jan"]
[Result "0-1"]
[WhiteTitle "II"]
[BlackTitle "II"]
[WhiteElo "1125"]
[BlackElo "1194"]

1. e4 e5 2. Nf3 Nc6 3. Bc4 Nf6 4. Ng5 d5 5. exd5 Na5 6. d3 h6 7. Nf3 Bg4 8. Bd2
Nxc4 9. dxc4 e4 10. h3 Bh5 11. g4 Nxg4 12. Ne5 Nxe5 13. Qxh5 Nxc4 14. b3 Nd6 15.
Bc3 Qg5 16. Qxg5 hxg5 17. Nd2 O-O-O 18. O-O-O f5 19. Rde1 Re8 20. f3 e3 21. Nf1
f4 22. a4 Nf5 23. Kb2 Be7 24. a5 Bf6 25. Bxf6 gxf6 26. b4 Nd4 27. c3 Nxf3 28.
Re2 g4 29. b5 Ne5 30. b6 a6 31. bxc7 f3 32. Rxe3 Nc4+ 0-1

[Event "Mistrzostwa Polski Mlodzikow do 10 lat  - chlopcy"]
[Site "Chrusty k. Zagnanska"]
[Date "1899-12-30"]
[Round "6.19"]
[White "Olszewski, Antoni"]
[Black "Zmarzly, Wiktor"]
[Result "1-0"]
[WhiteTitle "II"]
[BlackTitle "II"]
[WhiteElo "1061"]
[BlackElo "1185"]

1. e4 e5 2. Nf3 Nc6 3. Bc4 Nf6 4. d3 h6 5. h3 Bc5 6. Nc3 d6 7. Na4 Bb6 8. Nxb6
axb6 9. O-O O-O 10. c3 Na5 11. Bb3 Nxb3 12. Qxb3 Be6 13. c4 c5 14. Be3 Qc7 15.
Nh2 Nh5 16. f4 exf4 17. Bxf4 Nxf4 18. Rxf4 d5 19. Raf1 d4 20. a3 Ra6 21. Ng4 h5
22. Nh2 Qe5 23. Qc2 Qg5 24. R1f3 Bxh3 25. Qf2 Be6 26. Nf1 Qh6 27. Rg3 f6 28. e5
f5 29. Qf3 Ra7 30. Rh3 g6 31. Nd2 g5 32. Rxh5 Qg7 33. Ne4 fxe4 34. Rxf8+ Qxf8
35. Rh8+ Kxh8 36. Qxf8+ Kh7 37. Qe7+ Kh8 38. Qxe6 Ra8 39. dxe4 Kg7 40. Qf6+ Kg8
41. Qxg5+ Kf7 42. Qf6+ Ke8 43. Qh8+ Ke7 44. Qxa8 Ke6 45. Kf2 b5 46. Qxb7 d3 47.
Qd5+ Ke7 48. e6 bxc4 49. Qd7+ Kf6 50. e7 Kf7 51. e8=Q+ Kf6 52. Qdf7+ Kg5 53. Qeg8+
Kh6 54. Qfg6# 1-0

[Event "Mistrzostwa Polski Mlodzikow do 10 lat  - chlopcy"]
[Site "Chrusty k. Zagnanska"]
[Date "1899-12-30"]
[Round "6.20"]
[White "Pawlowski, Kamil"]
[Black "Bartoszczuk, Adam"]
[Result "0-1"]
[WhiteTitle "II"]
[BlackTitle "II"]
[WhiteElo "1054"]
[BlackElo "1180"]

1. e4 c5 2. Nf3 e6 3. Bc4 Nc6 4. c3 d5 5. exd5 exd5 6. Bb3 Nf6 7. d4 cxd4 8. cxd4
Be7 9. O-O O-O 10. Nc3 h6 11. Bf4 Bg4 12. Nb5 Rc8 13. h3 Bxf3 14. gxf3 a6 15.
Nc3 Qd7 16. Kh2 Rfd8 17. Na4 Qf5 18. Bg3 Nh5 19. Nb6 Nxg3 20. fxg3 Rc7 21. Bc2
Qf6 22. Qd3 g6 23. Qb3 Nb4 24. Bd1 Qxb6 25. a3 Qb5 26. Bc2 Rxc2+ 27. Kg1 Qe2 28.
Qxc2 Nxc2 29. Rf2 Qe3 30. Rb1 Bd6 31. Kf1 Qd3+ 32. Kg1 Bxg3 33. Rg2 Qe3+ 34. Kh1
Qxf3 35. Kg1 Nxd4 36. b4 Ne2+ 37. Kh1 Rc8 38. Rd1 Rc1 39. Rxc1 Nxc1 40. Kg1 Ne2+
41. Kh1 Qf1+ 42. Rg1 Qxg1# 0-1

[Event "Mistrzostwa Polski Mlodzikow do 10 lat  - chlopcy"]
[Site "Chrusty k. Zagnanska"]
[Date "1899-12-30"]
[Round "6.23"]
[White "Duda, Leon"]
[Black "Grobelny, Mikolaj"]
[Result "1/2-1/2"]
[WhiteTitle "II"]
[BlackTitle "II"]
[WhiteElo "1186"]
[BlackElo "1031"]

1. e4 c5 2. Nf3 d6 3. d4 cxd4 4. Nxd4 Nf6 5. Nc3 g6 6. Be2 Bg7 7. Be3 O-O 8. Qd2
Nc6 9. Nb3 Bd7 10. O-O-O Rc8 11. h3 Qc7 12. Nb5 Qb8 13. f3 a6 14. N5d4 Nxd4 15.
Bxd4 Qc7 16. Qc3 Qxc3 17. Bxc3 Nh5 18. Bxg7 Kxg7 19. g4 Ng3 20. Rh2 Nxe2+ 21.
Rxe2 Bb5 22. Re3 h5 23. Nd4 Bd7 24. gxh5 gxh5 25. Rg1+ Kh6 26. Nf5+ Bxf5 27. exf5
Rfe8 28. Rge1 Rc7 29. f6 e6 30. Rg1 Rec8 31. c3 b5 32. a3 a5 33. Kc2 b4 34. f4
bxc3 35. Rxc3 d5 36. Rg7 Rxc3+ 37. bxc3 Rc7 38. Kd3 Rc4 39. Rxf7 Rxf4 40. Ke3
Re4+ 41. Kd3 Rf4 42. Ra7 Rxf6 43. Ke3 Rg6 44. Kf4 h4 45. Rxa5 Rg3 46. Ra6 Rxc3
47. Rxe6+ Kg7 48. Re3 Rc4+ 49. Ke5 Ra4 50. Kxd5 Kf6 51. Kc5 Kf5 52. Rc3 Ke6 53.
Kb5 Ra7 54. Rc6+ Kd7 55. Ra6 Rxa6 56. Kxa6 Kc6 57. Ka5 Kc5 58. a4 Kc6 59. Kb4
Kb6 60. a5+ Ka6 61. Ka4 Kb7 62. Kb5 Ka7 63. Kc5 Ka6 64. Kd5 Kxa5 65. Ke5 Kb6 66.
Ke4 1/2-1/2

[Event "Mistrzostwa Polski Mlodzikow do 10 lat  - chlopcy"]
[Site "Chrusty k. Zagnanska"]
[Date "1899-12-30"]
[Round "6.27"]
[White "Przewlocki, Marcin"]
[Black "Adamala, Tomasz"]
[Result "0-1"]
[WhiteTitle "II"]
[BlackTitle "III"]
[WhiteElo "1173"]
[BlackElo "1196"]

1. e4 c5 2. Nf3 Nc6 3. c3 g6 4. d4 cxd4 5. cxd4 Bg7 6. Be2 Nf6 7. Nc3 O-O 8. O-O
d6 9. Be3 Bd7 10. Qd2 e5 11. d5 Nb8 12. Rac1 Na6 13. Nb5 Qe7 14. Rfd1 Nxe4 15.
Qd3 Nac5 16. Qa3 Bxb5 17. Bxb5 a6 18. Be2 f5 19. b4 Nd7 20. Nd2 Nxd2 21. Bxd2
e4 22. Qe3 f4 23. Qh3 Ne5 24. f3 e3 25. Bc3 Rf5 26. a3 Rc8 27. Bxe5 Rxc1 28. Rxc1
Qxe5 29. Rc8+ Bf8 30. Rc1 Qb2 31. Re1 Qd2 32. Kf1 Bg7 33. Qg4 Bc3 34. Rd1 Qc2
35. Qh4 Bf6 36. Qh3 Rh5 37. Qe6+ Kg7 38. h3 Rg5 39. Qd7+ Kh6 40. Qxd6 Rxg2 41.
Qxf4+ Bg5 42. Qc4 Qxc4 43. Bxc4 Rf2+ 44. Kg1 Rxf3 45. d6 Rf4 46. Bf1 Re4 47. d7
e2 48. Bxe2 Rxe2 49. d8=Q Bxd8 50. Rxd8 Re3 51. Rd7 Rxh3 52. Rxb7 Rxa3 53. Rb6
a5 54. b5 Rb3 55. Rb8 a4 56. b6 a3 57. b7 a2 58. Ra8 a1=Q+ 59. Rxa1 Rxb7 60. Ra3
g5 61. Ra6+ Kh5 62. Ra2 h6 63. Rh2+ Kg6 64. Re2 Kf5 65. Rf2+ Kg4 66. Rg2+ Kh5
67. Rh2+ Kg6 68. Re2 Rf7 69. Re6+ Rf6 70. Re8 h5 71. Rg8+ Kf5 72. Rh8 h4 73. Rh5
Kg4 74. Rh8 Kg3 75. Ra8 g4 76. Ra3+ Rf3 77. Ra2 h3 78. Rh2 Re3 79. Rf2 Re1+ 80.
Rf1 h2+ 81. Kh1 Rxf1# 82. Kg1 0-1

[Event "Mistrzostwa Polski Mlodzikow do 10 lat  - chlopcy"]
[Site "Chrusty k. Zagnanska"]
[Date "1899-12-30"]
[Round "6.28"]
[White "Fil, Grzegorz"]
[Black "Ratajczak, Marcin"]
[Result "1-0"]
[WhiteTitle "II"]
[BlackTitle "III"]
[WhiteElo "1184"]
[BlackElo "1062"]

1. e4 c5 2. Nf3 d6 3. d4 cxd4 4. Nxd4 Nf6 5. Nc3 e6 6. Be2 a6 7. a4 Be7 8. O-O
O-O 9. Be3 Nc6 10. f4 Qc7 11. Kh1 Rd8 12. Nb3 Bd7 13. a5 Rdc8 14. Bb6 Qb8 15.
Bf3 Bd8 16. Na4 Nb4 17. Bxd8 Rxd8 18. Nb6 Ra7 19. c3 Nc6 20. Re1 Be8 21. Qe2 e5
22. Qe3 Nd7 23. fxe5 Ncxe5 24. Rad1 Nxb6 25. axb6 Ra8 26. Na5 Bc6 27. Rd4 f6 28.
Red1 Nf7 29. Bg4 Kh8 30. Be6 Ng5 31. Bd5 Bxd5 32. Rxd5 Re8 33. R1d4 h6 34. h4
Qc8 35. hxg5 fxg5 36. Nc4 Qg4 37. Nxd6 Qh4+ 1-0

[Event "Mistrzostwa Polski Mlodzikow do 10 lat  - chlopcy"]
[Site "Chrusty k. Zagnanska"]
[Date "1899-12-30"]
[Round "6.32"]
[White "Pawicki, Filip"]
[Black "Uhryn, Mateusz"]
[Result "0-1"]
[WhiteTitle "II"]
[BlackTitle "III"]
[WhiteElo "1219"]
[BlackElo "1154"]

1. e4 d5 2. exd5 Nf6 3. Nc3 Nxd5 4. d4 Nxc3 5. bxc3 g6 6. Nf3 Bg7 7. Be2 O-O 8.
O-O b6 9. Bf4 Bb7 10. Re1 e6 11. Rb1 Nd7 12. Bd3 Rc8 13. h3 Qe7 14. Re2 Rfe8 15.
Qe1 Bxf3 16. gxf3 Qh4 17. Kh2 Qxf4+ 18. Kg2 Nf6 19. Qh1 Qh6 20. Rg1 Nd5 21. Kf1
Nxc3 22. Rd2 Qxd2 23. Rg2 Qd1# 0-1

[Event "Mistrzostwa Polski Mlodzikow do 10 lat  - chlopcy"]
[Site "Chrusty k. Zagnanska"]
[Date "1899-12-30"]
[Round "7.1"]
[White "Wierzbicki, Dawid"]
[Black "Musial, Igor"]
[Result "1/2-1/2"]
[WhiteTitle "I"]
[BlackTitle "II+"]
[WhiteElo "1419"]
[BlackElo "1399"]

1. e4 c5 2. Nc3 Nc6 3. g3 g6 4. Bg2 Bg7 5. d3 d6 6. Be3 e5 7. Nge2 Be6 8. Qd2 Nge7
9. Bh6 Bxh6 10. Qxh6 Ng8 11. Qg7 Qf6 12. Qxf6 Nxf6 13. O-O Nd4 14. Nxd4 cxd4 15.
Ne2 Ke7 16. c3 dxc3 17. Nxc3 Rad8 18. Rac1 a6 19. Rfe1 b5 20. b4 Nd7 21. f4 Nb6
22. Nd5+ Bxd5 23. exd5 f6 24. Rc6 Rb8 25. d4 Nc4 26. Bf1 Nd2 27. Kf2 Rhc8 28.
Rxa6 Rc2 29. dxe5 dxe5 30. fxe5 Nc4+ 31. Kg1 Nxe5 32. Bg2 Rd2 33. g4 g5 34. Ra7+
Kd6 35. Rxh7 Rxa2 36. Rf1 Nxg4 37. h3 Rxg2+ 38. Kxg2 Ne3+ 39. Kf2 Nxf1 40. Kxf1
Kxd5 41. Rc7 Rb6 42. Rc5+ Ke4 43. Kf2 Kf4 44. Rd5 Ke5 1/2-1/2

[Event "Mistrzostwa Polski Mlodzikow do 10 lat  - chlopcy"]
[Site "Chrusty k. Zagnanska"]
[Date "1899-12-30"]
[Round "7.2"]
[White "Seemann, Jakub"]
[Black "Warchol, Kamil"]
[Result "1-0"]
[WhiteTitle "II+"]
[BlackTitle "CM"]
[WhiteElo "1627"]
[BlackElo "1431"]

1. e4 e5 2. Nf3 Nc6 3. Bb5 a6 4. Ba4 Nf6 5. d4 exd4 6. O-O Be7 7. e5 Ne4 8. Nxd4
O-O 9. Bf4 Nc5 10. Bb3 Nxb3 11. axb3 Bc5 12. Nf3 b5 13. Qd5 Be7 14. Rd1 Rb8 15.
c3 Rb6 16. b4 Nb8 17. Nbd2 Bb7 18. Qd3 Rg6 19. Bg3 h5 20. Nb3 h4 21. Bf4 Rg4 22.
g3 f6 23. h3 Bxf3 24. Qxf3 Rg6 25. Qd5+ Kh8 26. e6 f5 27. exd7 Bd6 28. Qf3 Bxf4
29. Qxf4 hxg3 30. fxg3 Rf7 31. Nc5 Nxd7 32. Rd3 Qe8 33. Re3 Qc8 34. Rae1 Rf8 35.
Ne6 Re8 36. Qxf5 Rf6 37. Qh5+ Rh6 38. Nxg7 Rxh5 39. Rxe8+ Qxe8 40. Rxe8+ Kxg7
41. Re7+ Kg8 42. Rxd7 Rxh3 43. Kg2 Rh6 44. Rxc7 Rd6 45. Ra7 Kf8 46. g4 Kg8 47.
Kg3 Rg6 48. Kh4 Kf8 49. g5 Re6 50. Kh5 Kg8 51. Kg4 Rd6 52. Kf5 Rd5+ 53. Ke4 Rd6
54. b3 Rc6 55. Kd4 Rd6+ 56. Ke3 Rc6 57. Kd2 Rd6+ 58. Kc2 Rc6 59. Rd7 Rg6 60. Rd5
Rc6 61. Kd3 Kg7 62. c4 bxc4+ 63. bxc4 Rb6 64. Kc3 Kf7 65. Kb3 Ke7 66. c5 Rc6 67.
Rd6 Rxd6 68. cxd6+ Kxd6 69. Ka4 Ke5 70. Ka5 Kf5 71. Kxa6 Kxg5 72. b5 Kf5 73. b6
Ke5 74. b7 Ke4 75. b8=Q Ke3 76. Qb4 Kd3 77. Kb5 Ke3 78. Qc4 Kf3 79. Kc5 Ke3 80.
Kd5 Kf3 81. Qe4+ Kf2 82. Qd3 Kg2 83. Ke4 Kf2 84. Qd2+ Kg1 85. Kf3 Kh1 86. Qg2#
1-0

[Event "Mistrzostwa Polski Mlodzikow do 10 lat  - chlopcy"]
[Site "Chrusty k. Zagnanska"]
[Date "1899-12-30"]
[Round "7.3"]
[White "Borowik, Wojciech"]
[Black "Klim, Filip"]
[Result "1-0"]
[WhiteTitle "II+"]
[BlackTitle "II+"]
[WhiteElo "1527"]
[BlackElo "1232"]

1. d4 d5 2. c4 c6 3. Nc3 Nf6 4. Bg5 Ne4 5. Nxe4 dxe4 6. Qd2 f6 7. Bf4 Na6 8. a3
e5 9. dxe5 Qxd2+ 10. Bxd2 fxe5 11. e3 Be6 12. b4 Nc7 13. f3 exf3 14. Nxf3 e4 15.
Nd4 c5 16. Nxe6 Nxe6 17. b5 Be7 18. Be2 Bf6 19. Ra2 b6 20. Bg4 Ng5 21. O-O O-O
22. a4 Rfe8 23. Bd7 Re7 24. Bc6 Rd8 25. Bd5+ Nf7 26. a5 Kf8 27. axb6 axb6 28.
Ra6 Rb8 29. Be1 Bg5 30. Bg3 Bxe3+ 31. Kh1 Rd8 32. Rxb6 Bd4 33. Bd6 Rxd6 34. Rb8+
1-0

[Event "Mistrzostwa Polski Mlodzikow do 10 lat  - chlopcy"]
[Site "Chrusty k. Zagnanska"]
[Date "1899-12-30"]
[Round "7.4"]
[White "Baszczynski, Gabriel"]
[Black "Bartodziej, Bartosz"]
[Result "1/2-1/2"]
[WhiteTitle "II"]
[BlackTitle "II"]
[WhiteElo "1299"]
[BlackElo "1468"]

1. Nf3 Nf6 2. g3 g6 3. Bg2 Bg7 4. O-O O-O 5. d3 d5 6. Nbd2 Re8 7. Qe1 e5 8. e4
Nc6 9. b3 a5 10. a4 Nb4 11. Qd1 Nd7 12. Ne1 Nb6 13. c3 Nc6 14. exd5 Nxd5 15. Bb2
Be6 16. Qe2 h6 17. Ne4 b6 18. Nc2 f5 19. Nd2 Rc8 20. Rae1 Qd7 21. Rd1 Rcd8 22.
Rfe1 Bf7 23. Ne3 Nxe3 24. fxe3 Bd5 25. e4 Be6 26. Nc4 Bxc4 27. dxc4 Qe7 28. exf5
Rxd1 29. Rxd1 gxf5 30. Qf2 Qf6 31. Rd7 Ne7 32. Ba3 Kh7 33. Rxc7 Kg6 34. Bxe7 Rxe7
35. Rc6 Re6 36. Qxb6 Rxc6 37. Qxc6 Qxc6 38. Bxc6 e4 39. b4 Bxc3 40. bxa5 Bxa5
41. c5 1/2-1/2